Multiple Choice City Quiz – Emeryville - Statistics

General Stats
  • This quiz has been taken 7 times
  • The average score is 5 of 10
Answer Stats
Question Answer % Correct
Which of these images depicts Emeryville?
80%
Which two larger cities does Emeryville border? Berkeley and Oakland
80%
Which chain store has one of its three Bay Area locations in Emeryville? Ikea
80%
Which famous animation studio is headquartered in Emeryville and sometimes references it in movies? Pixar
80%
Which part of the Bay Area is Emeryville in? East Bay
60%
Who gave this description? Governor and Chief Justice Earl Warren
60%
What was Bay Street Emeryville controversially built in/on? A sacred Native American burial site
20%
What is (most of) Bay Street Emeryville? A shopping complex
20%
Which environmental feature of Emeryville used to be famous as the location of public art installations by local students? Mudflats
20%
Which of these is a famous historic description of Emeryville? The Rottenest City on the Pacific Coast
0%
No matching quizzes found
Score Distribution
Percent of People with Each Score
Percentile by Number Answered
Your Score History
You have not taken this quiz